Riconosci tutti gli stemmi di Serie A, B e C - Statistics

Statistiche generali
  • Questo quiz è stato fatto 203 volte
    75 dall'ultimo reset
  • Il punteggio medio è 70 su 97
Statistiche sulle risposte
con Immagini Risposta % Corretto
Napoli
100%
Lazio
98%
Bari
95%
Bologna
95%
Cagliari
95%
Empoli
95%
Fiorentina
95%
Hellas Verona
95%
Inter
95%
Lecce
95%
Milan
95%
Palermo
95%
Pescara
95%
Pisa
95%
Roma
95%
Sampdoria
95%
Venezia
95%
Atalanta
93%
Catania
93%
Como
93%
Genoa
93%
Monza
93%
Parma
93%
Salernitana
93%
Sassuolo
93%
Torino
93%
Udinese
93%
Union Brescia
93%
Cremonese
91%
Juventus
91%
Reggiana
91%
Ascoli
89%
Cesena
89%
Frosinone
89%
Virtus Entella
89%
Benevento
88%
Catanzaro
88%
Cosenza
86%
Modena
86%
Pro Vercelli
86%
Ternana
86%
Avellino
84%
Crotone
84%
L.R. Vicenza
84%
Mantova
84%
Padova
84%
Sudtirol
84%
Carrarese
82%
Juve Stabia
82%
Spezia
82%
Cittadella
80%
Foggia
80%
Perugia
80%
Triestina
80%
Novara
73%
AlbinoLeffe
70%
Latina
70%
Lecco
70%
Carpi
66%
Arezzo
63%
Campobasso
61%
Ravenna
61%
Rimini
59%
Torres
59%
Trapani
59%
Trento
59%
Virtus Verona
59%
Alcione Milano
57%
Casertana
57%
Giana Erminio
57%
Pro Patria
57%
Potenza
55%
Renate
54%
Gubbio
50%
Pergolettese
50%
Picerno
50%
Audace Cerignola
48%
Livorno
48%
Pontedera
48%
Bra
46%
Sorrento
46%
Sambenedettese
43%
Vis Pesaro
43%
Casarano
41%
Dolomiti Bellunesi
41%
Forlì
41%
Lumezzane
41%
Arzignano Valchiampo
39%
Pineto
39%
Cavese
36%
Monopoli
36%
Team Altamura
36%
Ospitaletto Franciacorta
34%
Giugliano
32%
Siracusa
32%
Guidonia Montecelio
29%
Pianese
29%
Nessun quiz corrispondente trovato
Distribuzione punteggi
Percentuale di utenti per punteggio
Percentile per numero di risposta
I tuoi punteggi nel tempo
Non hai fatto questo quiz dall'ultimo reset